Mirovaja ekonomika i meždunarodnyje otnošenija ježemesjačnyj žurnal

Uložené v:
Podrobná bibliografia
Médium: Seriál
Jazyk:Russian
Vydavateľské údaje: Moskva Pravda 1980
Tagy: Pridať tag
Žiadne tagy, Buďte prvý, kto otaguje tento záznam!

MARC

LEADER 00000nas2a2200000 4500
001 s123731
005 20230512070155.0
041 0 |a rus 
044 |a RU 
245 1 0 |a Mirovaja ekonomika i meždunarodnyje otnošenija  |b ježemesjačnyj žurnal 
264 1 |a Moskva  |b Pravda  |c 1980 
300 |a 2 zv. 
773 0 |w eu_un_cat*s120187